LEADER 00837nam a2200193 i 4500 001 000000010070 003 CaOOAMICUS 005 20180830125440.0 008 180830s1955 it u000 u ita u 040 $aSeMil$bita 100 1 $aLuzzatto, Gino.$0(OLS)http://semarc/name/4924 245 10$aStoria economica dell'età moderna e contemporanea /$cGino Luzzatto. 260 $aPadova :$bCEDAM,$c1955-1960. 300 $a2 v. ;$c25 cm. 650 4$aEconomia - Storia.$0(OLS)http://semarc/subject/1582 774 0 $aLuzzatto, Gino$tEtà moderna.$b4. ed. riveduta.$gParte1$w()118553 774 0 $aLuzzatto, Gino$tEtà contemporanea.$bristampa anastatica della 4. ed.$gParte2$w()118554 996 $6245$aStoria economica dell'età moderna e contemporanea$9(OLS)http://semarc/title/38852 996 $6260$aPadova :$bCEDAM$9(OLS)http://semarc/publisher/30274 LEADER 01097nas a2200241 i 4500 001 000000106686 003 CaOOAMICUS 005 20020821000000.0 008 020821b2001 mx uu u0 0spa r 013 $a78880 040 $aSeMil$bita 100 1 $aPeregrina Mancilla, César.$0(OLS)http://semarc/name/44876 245 13$aLa hermenéutica analógica y su fundamentación ontológica en Mauricio Beuchot /$cCésar Peregrina Mancilla. 260 $a[México] :$b[s.n.],$c2001. 300 $a127 p. ;$c22 cm. 600 14$aBeuchot Puente, Mauricio .$0(OLS)http://semarc/subject/13749 650 4$aErmeneutica analogica.$0(OLS)http://semarc/subject/11853 773 0 $tAnalogía filosófica.$dMéxico D.F. : [s.n.]$x0188-896X$w()1815 850 $aSeMil 852 $aSeMil$W1$xVenegono$y1$m51 6 26$j62801$B62801$CSeMilBibl$Z2$F71980 $85 961 $aCambio: Scuola Cattolica 996 $6245$aLa hermenéutica analógica y su fundamentación ontológica en Mauricio Beuchot$9(OLS)http://semarc/title/154769 996 $6260$a[México] :$b[s.n.]$9(OLS)http://semarc/publisher/41994